000
00270nam a22001217a 4500
008
180522b xxu||||| |||| 00| 0 eng d
041
_a
eng
080
_a
043.3
100
_a
0
101
_a
MBE-MTH
245
_a
Objekt afarist banesor B+P+4
_c
Kodra,B
942
_2
udc
_c
BK
999
_c
46182
_d
46182